Piloti Vincitori dei Gran Premi di Formula 1 2024 - Statistics

Statistiche generali
  • Questo quiz è stato fatto 225 volte
    49 dall'ultimo reset
  • Il punteggio medio è 24 su 24
Statistiche sulle risposte
Gran Premio Vincitore % Corretto
Gran Premio di Monaco Charles Leclerc
100%
Gran Premio d'Italia Charles Leclerc
100%
Gran Premio di Miami Lando Norris
100%
Gran Premio d'Olanda Lando Norris
100%
Gran Premio di Singapore Lando Norris
100%
Gran Premio degli Stati Uniti Lando Norris
100%
Gran Premio di San Paolo Lando Norris
100%
Gran Premio di Abu Dhabi Lando Norris
100%
Gran Premio di Gran Bretagna Lewis Hamilton
100%
Gran Premio del Belgio Lewis Hamilton
100%
Gran Premio del Bahrein Max Verstappen
100%
Gran Premio d'Arabia Saudita Max Verstappen
100%
Gran Premio del Giappone Max Verstappen
100%
Gran Premio di Cina Max Verstappen
100%
Gran Premio dell'Emilia-Romagna Max Verstappen
100%
Gran Premio del Canada Max Verstappen
100%
Gran Premio di Spagna Max Verstappen
100%
Ba Gran Premio d'Australia Carlos Sainz
98%
Gran Premio di Città del Messico Carlos Sainz
98%
Gran Premio d'Ungheria Oscar Piastri
98%
Gran Premio d'Azerbaigian Oscar Piastri
98%
Gran Premio d'Austria George Russell
90%
Gran Premio di Las Vegas George Russell
90%
Gran Premio del Qatar George Russell
90%
Nessun quiz corrispondente trovato
Distribuzione punteggi
Percentuale di utenti per punteggio
Percentile per numero di risposta
I tuoi punteggi nel tempo
Non hai fatto questo quiz dall'ultimo reset